Ab expeditione prima francorum in orientem, ad captam aturcis Constantinopolin seu ad anno Christi 1095 ad 1453

Detalles Bibliográficos
Autor principal: BRIETIO, Felipe
Formato: Libro
Publicado: Amsterdam 1693
Materias:
Colección:Banco de datos
Acervo:Biblioteca Nacional de Antropología e Historia. Fondo Conventual
Descripción Física:t. II, 3a parte
Tema general:Historia Civil
Notas:Buena. XX, 3 26.
LEADER 00757nam a22002050004500
035 |a 13495 
036 |a 1041 
100 1 |a BRIETIO, Felipe 
245 1 0 |a Ab expeditione prima francorum in orientem, ad captam aturcis Constantinopolin seu ad anno Christi 1095 ad 1453 
260 |a Amsterdam  |b imp. Abraham Wolfgang  |c 1693 
300 |a t. II, 3a parte 
500 |a Buena. XX, 3 26. 
650 1 0 |a Historia Civil 
949 |a B.N.A.H. 
959 |a Biblioteca Nacional de Antropología e Historia. Ciudad de México  |b CCC1 
960 |a Colección General de B.N.A.H. de la ciudad de México  |b DD58 
961 |a Varias Ordenes Religiosas  |b VO 
942 |c B.N.A.H. 
943 |g Biblioteca Nacional de Antropología e Historia. Fondo Conventual 
999 |c 1038027  |d 1038027